00251nam a22000977a 4500008004100000020002200041100001600063245003900079260002700118300000800145251014b |||||||| |||| 00| 0 eng d a978-81-317-7448-9 aS. R. Kumar aCase Studies in Consumer Behaviour aChennaibPearsonc2024 a270